The idea of history / (Record no. 549386)

000 -LEADER
fixed length control field 00622fam a2200181 a 4500
082 00 - DEWEY DECIMAL CLASSIFICATION NUMBER
Classification number 900
Author Mark COL
-- N-01, P-155
100 1# - MAIN ENTRY--PERSONAL NAME
Personal name Collingwood, R. G.
9 (RLIN) 6590
245 14 - TITLE STATEMENT
Title The idea of history /
Statement of responsibility, etc. R.G. Collingwood ; edited with an introduction by Jan van der Dussen.
250 ## - EDITION STATEMENT
Edition statement Rev. ed., with lectures 1926-1928.
260 ## - PUBLICATION, DISTRIBUTION, ETC.
Place of publication, distribution, etc. Oxford :
Name of publisher, distributor, etc. Clarendon Press,
Date of publication, distribution, etc. 1993.
300 ## - PHYSICAL DESCRIPTION
Extent liii, 510 p. ;
Dimensions 22 cm.
526 ## - STUDY PROGRAM INFORMATION NOTE
Program name 0
Interest level 0
Reading level 0
Title point value 900_000000000000000_COL
526 ## - STUDY PROGRAM INFORMATION NOTE
Program name 0
Interest level 0
Reading level 0
Title point value 900_000000000000000_COL
650 #0 - SUBJECT ADDED ENTRY--TOPICAL TERM
Topical term or geographic name entry element History
General subdivision Philosophy.
9 (RLIN) 6591
650 #0 - SUBJECT ADDED ENTRY--TOPICAL TERM
Topical term or geographic name entry element NUST
9 (RLIN) 6342
700 1# - ADDED ENTRY--PERSONAL NAME
Personal name Dussen, W. J. van der.
9 (RLIN) 6592
942 ## - ADDED ENTRY ELEMENTS (KOHA)
Source of classification or shelving scheme
Koha item type Book
Holdings
Withdrawn status Lost status Source of classification or shelving scheme Damaged status Not for loan Permanent Location Current Location Date acquired Total Checkouts Full call number Barcode Date last seen Date last checked out Price effective from Koha item type
          Military College of Engineering (MCE) Military College of Engineering (MCE) 09/24/2014 1 900 COL MCE-39021 12/09/2020 12/09/2020 09/24/2014 Book
          Military College of Engineering (MCE) Military College of Engineering (MCE) 09/24/2014   900 COL MCE-39022 09/24/2014   09/24/2014 Book
© 2023 Central Library, National University of Sciences and Technology. All Rights Reserved.